| 000 | 01349nam a22003017a 4500 | ||
|---|---|---|---|
| 005 | 20080929101452.0 | ||
| 008 | 080929t xxu||||| |||| 00| 0 hin d | ||
| 010 | _aHIN-92405 | ||
| 020 |
_c250.00 _a9788126720415 |
||
| 035 | _aHN-64751 | ||
| 037 | _bDBAD / PUB | ||
| 040 |
_aDPL _bHN |
||
| 082 | _a230.1 | ||
| 100 |
_926640 _aसिन्हा, रमण |
||
| 245 |
_aरामचरितमानसः _cरमण सिन्हा _bपाठ: लीला: चित्र: संगीत / |
||
| 260 |
_aनई दिल्ली _bराजकमल प्रकाशन _c2011 |
||
| 270 |
_a1-बी, नेताजी सुभाष मार्ग _bनई दिल्ली _e110002 |
||
| 300 | 1 |
_a163पृ. _c22सेमी (सजिल्द) _bसचित्र |
|
| 490 |
_aश्रृंखला संपादकः पुरूषोत्तम अग्रवाल _927353 |
||
| 650 | _9697 | ||
| 650 | _926674 | ||
| 650 | _9698 | ||
| 700 |
_926643 _aअग्रवाल, पुरूषोत्तम |
||
| 700 | _927078 | ||
| 710 | _926662 | ||
| 942 |
_2ddc _cHN _mसिन्हार _h230.1 |
||
| 999 |
_c51697 _d51697 |
||